| 000 | 02795cam a22004458i 4500 | ||
|---|---|---|---|
| 999 |
_c535545 _d535545 |
||
| 001 | 21484106 | ||
| 003 | NUST | ||
| 005 | 20200916142226.0 | ||
| 008 | 200330s2020 flu b 101 0 eng | ||
| 010 | _a 2020014755 | ||
| 020 |
_a9780367346515 _q(hbk) |
||
| 020 |
_z9780429327025 _q(ebook) |
||
| 020 |
_z9781000074550 _q(mobi) |
||
| 020 |
_z9781000074567 _q(epub) |
||
| 020 |
_z9781000074543 _q(adobe pdf) |
||
| 038 | _aMSOHAIL | ||
| 040 |
_aDLC _beng _erda _cDLC |
||
| 042 | _apcc | ||
| 050 | 0 | 0 |
_aTA502 _b.I65 2019 |
| 082 | 0 | 0 |
_a526 _223 _bMOL |
| 111 | 2 |
_aInternational Scientific and Technical Conference on Geodesy, Cartography and Geoinformatics _n(11th : _d2019 : _cDemänovská Dolina, Low Tatras, Slovakia) _jauthor. _930164 |
|
| 245 | 1 | 0 |
_aAdvances and trends in geodesy, cartography and geoinformatics II : _bproceedings of the 11th International Scientific and Technical Conference on Geodesy, Cartography and Geoinformatics (GCG 2019), 10-13 September, 2019, Demänovská Dolina, Low Tatras, Slovakia / _ceditors, Soňa Molčíková, Viera Hurčíková, Peter Blištan. |
| 263 | _a2006 | ||
| 264 | 1 |
_aBoca Raton : _bCRCpress, Taylor & Francis Group, _c2020. |
|
| 300 | _apages cm | ||
| 336 |
_atext _btxt _2rdacontent |
||
| 337 |
_aunmediated _bn _2rdamedia |
||
| 338 |
_avolume _bnc _2rdacarrier |
||
| 490 | 0 |
_aAdvances and Trends in Geodesy, Cartography and Geoinformatics, _x2643-2420 |
|
| 500 | _a"A Balkema book." | ||
| 504 | _aIncludes bibliographical references and index. | ||
| 520 |
_a"This volume contains a selection of peer-reviewed papers presented at the International Scientific and Professional Conference Geodesy, Cartography and Geoinformatics 2019 (GCG 2019). The conference provided a forum for prominent scientists, researchers and professionals from Slovakia, Poland and the Czech Republic to present novel and fundamental advances in the fields of geodesy, cartography and geoinformatics. The focus was on a wide spectrum of actual topics and subjects areas in Surveying and mine surveying, Geodetic control and geodynamics and Cartography and Geoinformatics collected in this proceedings volume"-- _cProvided by publisher. |
||
| 650 | 0 |
_aSurveying _vCongresses. _930165 |
|
| 650 | 0 |
_aGeodesy _vCongresses. _930166 |
|
| 700 | 1 |
_aMolčíková, Soňa, _eeditor. _930167 |
|
| 776 | 0 | 8 |
_iOnline version: _aInternational Scientific and Technical Conference on Geodesy, Cartography and Geoinformatics (11th : 2019 : _cDemänovská Dolina, Low Tatras, Slovakia). _tAdvances and trends in geodesy, cartography and geoinformatics II _dBoca Raton : CRCpress, Taylor & Francis Group, 2020. _z9780429327025 _w(DLC) 2020014756 |
| 906 |
_a7 _bcbc _corignew _d1 _eecip _f20 _gy-gencatlg |
||
| 942 |
_2ddc _cBK |
||